| 000 | 00475pab a2200169 454500 | ||
|---|---|---|---|
| 008 | 180718b2008 xxu||||| |||| 00| 0 eng d | ||
| 100 | _aWarburton, Jeni et al. | ||
| 245 | _aAchieving effective collaborations to help communities age well | ||
| 260 | _c2008 | ||
| 300 | _ap.470-82. | ||
| 362 | _aDec | ||
| 650 | _aAgeing populations - Australia | ||
| 650 | _aAgeing populations | ||
| 773 | _aAustralian Journal of Public Administration | ||
| 908 | _aN | ||
| 909 | _a81185 | ||
| 999 |
_c81185 _d81185 |
||